Statistics for Celebrity in the Lyrics

Click here to take the quiz!

General Stats

  • This quiz has been taken 51 times
  • The average score is 5 of 15

Answer Stats

Lyrics Celebrity % Correct
Take me by the tongue and I'll show you / Kiss me 'til you're drunk and I'll show you / All the moves like ______ / I've got the moves like ______(Mick) Jagger
70%
Wake up in the mornin' feelin' like _______ / Grab my glasses I'm out the door I'm gonna hit the cityP-Diddy
64%
I wanna be on the cover of Forbes magazine / Smiling next to _____ and the QueenOprah
58%
She's precocious and she knows just / What it takes to make a pro blush / She got Greta Garbo stand off sighs / She's got _____ _____ eyesBette Davis
48%
When the jester sang for the king and queen / In a coat he borrowed from _____ ____ / And a voice that came from you and meJames Dean
42%
Where have you gone, ___ ________? / Our nation turns its lonely eyes to you / Woo woo wooJoe DiMaggio
38%
She's a good girl, crazy 'bout _____ / Loves horses and her boyfriend tooElvis
36%
Joe McCarthy, Richard Nixon, Studebaker, television / North Korea, South Korea, _______ ______Marilyn Monroe
32%
"But Slim, what if you win, wouldn't it be weird?" / Why? So you guys could just lie to get me here? / So you can, sit me here next to _______ ______?Britney Spears
32%
Oo-ee-oo I look just like _____ _____ / Oh-oh and you're Mary Tyler MooreBuddy Holly
30%
But when you think ___ ______ / I hope you think my favorite song / The one we danced to all night long / The moon like a spotlight on the lakeTim McGraw
18%
Boss / ________ _____ / Purse all heavy / Gettin' Oprah dollarsMichelle Obama
16%
______ _______'s ain't do it right if you ask me / Cause I was him I would have married Kate and AshleyPrince William
16%
____ _____'s on replay / She's on replay / DJ got the floor to shake / The floor to shakeKaty Perry
10%
Space may be the final frontier / But it's made in a Hollywood basement / ______ can you hear the spheres / Singing songs off station to station(Kurt) Cobain
4%

Score Distribution

Percentile by Number Answered

Percent of People with Each Score

Your Score History

You have not taken this quiz